000 00211nam a22000977a 4500
999 _c15983
_d15983
003 OSt
008 191025b ||||| |||| 00| 0 eng d
100 _aRadhakrishnan,C.
_94450
245 _aVol planters
942 _cBK